000 01006naa a2200277 c 4500
001 41144
003 ES-MaCES
005 20150925135759.0
008 110107n2010 fr d t 000 | fre d
035 _aCES20110000358v
040 _aES-MaCES
_bspa
_cES-MaCES
100 1 _aAlós-Moner, Ramón d'
_96058
245 1 3 _aLa segmentation du marché du travail et les relations d'emploi en Espagne
_b: les nouveaux enjeux de l'action collective
_cRamon Alós
500 _aResumen
650 4 _aEspaña
_926964
650 4 _aprocedimiento laboral
_930887
650 4 _aacuerdo colectivo de empresa
_931121
650 4 _amercado de trabajo
_928292
650 4 _apolítica laboral
_928290
653 1 0 _aRelaciones laborales-Empleo
650 4 _928377
_asindicato
773 0 _tEconomies et sociétés
_gt. 44, nº 7 (juil. 2010){10151 R. 077853}; p. 1241-1269
_w(ES-MaCES)25169
_938973
902 _aART Artículo de revista
942 _2CES
_cAR
_h2.0.
999 _c41144
_d41144